000 00665nam a22002297a 4500
003 BUBTL
008 231120b ||||| |||| 00| 0 eng d
020 _a817649917-X
041 _aeng
082 _a400/
100 _95578
_aWurst, Sharman
245 _aGrammar Punctuation 3/
_cSharman Wurst, Doug Wurst
250 _aIst ed.
260 _aNew Delhi :
_bViva Education,
_cc2004
300 _a105 p.
_c23 cm.
505 _aGrammar Punctuation 3, Sharman Wurst, Doug Wurst, English Grammar
526 _a English Grammar
700 _aSharman Wurst, Doug Wurst
_95584
856 _k0
_l0
_yDownload
942 _2ddc
_cBK
999 _c7147
_d7147